Statistics for 70s/80s Television Shows

Click here to take the quiz!

General Stats

  • This quiz has been taken 263 times
  • The average score is 11 of 15

Answer Stats

HintsAnswer% Correct
Retired pitcher runs a bar in BostonCheers
95%
4 older women experience the ups and downs of life, living togetherThe Golden Girls
94%
Love is in the air when travelling the seas hereThe Love Boat
94%
3 women detectives who receive instructions for their duties by an unknown faceCharlie's Angels
90%
Private eye solves crime in a hawaiian shirt and mustacheMagnum, P.I.
88%
Adapted from books by Laura Ingalls WilderLittle House On The Prairie
76%
2 kids from Harlem live with a wealthy businessman where they learn certain lessons of lifeDiff'rent Strokes
75%
Gets shot in the face, survives and fights crime in a superpowered, intelligent carKnight Rider
74%
Ayyyyy! Milwaukee set sitcom.Happy Days
73%
Man gets in a rocket crash, is rebuilt into a superhero by the governmentThe Six Million Dollar Man
72%
2 detectives in stylish clothing fight drug crime and murder, with a backdrop of groovy musicMiami Vice
64%
Couple that are amateur detectives, solving crime in a jetset lifestyle and perfect marriageHart to Hart
55%
Man travels through time in different bodies to solve crimeQuantum Leap
52%
Two cousins drive around in a car, escaping trouble, while flying through the airThe Dukes Of Hazzard
37%
High school turned superheroThe Greatest American Hero
24%

Score Distribution

Percentile by Number Answered

Percent of People with Each Score

Your Score History

You have not taken this quiz